|
|
|
|
| LEADER |
01450nam a22002897a 4500 |
| 001 |
29786 |
| 003 |
BD-DhAAL |
| 005 |
20160626102418.0 |
| 008 |
160626s2014 bg 000 p ben |
| 020 |
|
|
|a 9789849078517
|
| 040 |
|
|
|a BD-DhAAL
|c BD-DhAAL
|
| 041 |
|
|
|a ben
|
| 082 |
0 |
0 |
|a 891.44
|
| 100 |
1 |
|
|a উল্লাহ, মুন্সী ওয়াজিদ
|9 19708
|
| 245 |
0 |
0 |
|a হুসিয়ার গাফেলিন /
|c মুন্সী ওয়াজিদ উল্লাহ; সংগ্রহ, লিপ্যন্তর ও সম্পাদনা মো. আব্দুল মান্নান এবং মোস্তফা সেলিম।
|
| 260 |
|
|
|a ঢাকাঃ
|b উৎস প্রকাশন,
|c ২০১৪
|
| 300 |
|
|
|a ৭৭ পৃষ্ঠা ;
|c ২৫ সে মি
|
| 490 |
|
|
|a নাগরী গ্রন্থসম্ভার
|v ১০
|
| 504 |
|
|
|6 তথ্যসূত্র অন্তর্ভূক্ত [ ভূমিকা ১৭-১৮]
|
| 526 |
|
|
|a AAL
|
| 541 |
|
|
|e 29786
|
| 650 |
|
0 |
|a Islamic poetry, Bengali
|9 19709
|
| 700 |
1 |
|
|a মান্নান, মো. আব্দুল
|9 19710
|
| 700 |
1 |
|
|a সেলিম, মোস্তফা
|9 19711
|
| 942 |
|
|
|2 ddc
|c BK
|
| 999 |
|
|
|c 37619
|d 37619
|
| 952 |
|
|
|0 0
|1 0
|2 ddc
|4 0
|6 891_440000000000000_ULL
|7 0
|9 59174
|a BRACUL
|b BRACUL
|c GEN
|d 2016-06-26
|e BRAC Center
|g 400.00
|l 1
|m 2
|o 891.44 ULL
|p 3010029786
|r 2018-02-27
|s 2018-02-04
|t 1
|w 2016-06-26
|y BK
|